| 000 | 00599nam a2200205Ia 4500 | ||
|---|---|---|---|
| 008 | 150520s9999 xx 000 0 und d | ||
| 050 | _aTS 161 | ||
| 050 | _b.P698 2015 | ||
| 100 | _aPlacido, Ailenne Joy. | ||
| 245 | _aProduct and sales monitoring system for zanjiv enterprises / | ||
| 245 | _cAilenne Joy Placido. | ||
| 260 | _aLas PiƱas, Philippines : | ||
| 260 | _bSISC, | ||
| 260 | _c2015. | ||
| 300 | _a80 pages : | ||
| 300 | _billustrations (some color) ; | ||
| 300 | _c28 cm. | ||
| 500 | _aIncludes bibliographical references and appendices. | ||
| 650 | _aProduction Management | ||
| 999 |
_c284068 _d284068 |
||